[Event "HCL-B3885"]
[Site "www.playchess.de"]
[Date "2006.03.08"]
[Round "9"]
[White "RUDI"]
[Black "newplayer"]
[WhiteElo "1277"]
[BlackElo "1043"]
[PlyCount "129"]
[Result "1/2-1/2"]

1.c4 {Hallo auch nach SÜD-AFRIKA}  a5 {hi rudi wie 
gehts im kalten deutschland ich war zur c liga 
abgestuft durch glueck wieder den ausgang 
gefunden}  2.d4 {ja, ich war schon mal in der 
A-League, 10 Turniere oder so. Bissl was gewonnen, 
viel verloren...}  e6 {so weit werde ich wohl 
nicht kommen}  3.Nf3 {wer weiß, ein Turnier 
gewinnen und Du bist in A}  Bb4+ {ich versuch es 
erstmal mit diesem spiel :-)}  4.Bd2 {klar, wir 
lassen Dich alle gewinnen, dann klappt es}  Bxd2+ 
{danke mal sehn ob du wort haelst :-)}  5.Qxd2 b6 
6.e3 Ne7 7.Be2 O-O 8.O-O Nf5 9.e4 Nh4 10.Nxh4 Qxh4 
11.Bf3 Bb7 12.Qe3 Na6 13.a3 Rae8 14.e5 Bxf3 
15.Qxf3 Qxd4 16.Nc3 Qxe5 17.Rfe1 Qc5 18.b3 Qc6 
19.Qe2 {hab ich Dir genug geholfen? schaffst Du es 
jetzt alleine? ...}  Nc5 {hmm wenn du mir deine 
dame auch schenkst wird es leichter fuer mich also 
bleib so nett :-)}  20.Rab1 {hey, also das is 
jetzt aber ein bisserl viel verlangt.}  f5 {kann 
ja mal fragen}  21.b4 axb4 22.axb4 Ne4 23.Nxe4 
fxe4 24.Qxe4 Qxe4 25.Rxe4 Rf5 26.f3 Ref8 27.b5 
R5f4 28.h3 Rxe4 29.fxe4 Rf4 30.Re1 c6 31.bxc6 dxc6 
32.Re3 b5 33.cxb5 cxb5 34.g3 Rf8 35.Rb3 Rb8 36.Kf2 
b4 37.Ke3 Kf7 38.g4 Kf6 39.h4 e5 40.Kd3 g6 41.g5+ 
Kg7 42.Kc4 h6 43.Rxb4 Rc8+ {hiermit habe ich dir 
deine bauern zurueckgebebn du bist wieder dran mit 
geschenken austeilen}  44.Kd5 {was hättest Du denn 
gerne?}  hxg5 {hmm koenig??}  45.hxg5 {sorry,das 
akzeptiert der computer nicht}  Rh8 46.Kxe5 {jetzt 
hast Du nur 1 Bauern übrig - pass wenigstens auf 
den auf...}  Rf8 47.Rb7+ Kg8 48.Ke6 Rf4 49.Rb4 Kg7 
50.Ke5 Rf1 51.Ke6 Rg1 52.Rb5 Rg4 53.Re5 Rg2 {rudi 
ich glaube wir kommen nicht weiter}  54.Ke7 {ich 
schau mal.}  Rg4 55.Kd6 Kf8 56.Kd5 Rg1 57.Kd4 Rg3 
58.Rd5 Ke7 59.Rc5 Rf3 60.Rc7+ Kf8 61.Ke5 Rf1 
62.Ke6 Rf4 63.Rh7 {wenn ich es in 1oo Zügen nicht 
schaffe, gibt`s Remis...}  Kg8 {ich fahre morgen 
frueh fuer 7tage nach capetown hast viel zeit zum 
ueberlegen}  64.Rh6 {ach komm - so kurz vor 
Schluß!...
ich schaff Dich diesmal nicht - von mir aus geb 
ich es auf}  Kg7 {ja ist ein radrennen ueber 110km 
an dem ich jaehrlich teilnehme und  nach 6std 
radfahren brauch ich ein paar tage erholung  auf 
der weinroute bin erst am 16.03 wieder vorm pc ich 
glaubeauch es ist remis}  65.Ke5 {(offering draw)} 
 1/2-1/2

[Event "HCL-C4182"]
[Site "www.playchess.de"]
[Date "2006.03.08"]
[Round "7"]
[White "nichju"]
[Black "cla114"]
[WhiteElo "1060"]
[BlackElo "851"]
[PlyCount "83"]
[Result "1-0"]

1.e4 {Greetings from Germany and good luck to you} 
 e5 {hi, good luck to u too}  2.Nf3 Nc6 3.c3 Nf6 
4.d4 d5 5.dxe5 Nxe4 6.Bd3 Bc5 7.O-O O-O 8.b4 Bb6 
9.Nbd2 Nxc3 10.Qc2 Ne4 11.Nxe4 dxe4 12.Bxe4 Ne7 
13.Ng5 g6 14.Qc4 Be6 15.Nxe6 Qd7 16.Nxf8 Rxf8 
17.Bh6 Re8 18.Rad1 Qe6 19.Qxe6 fxe6 20.Rd7 Bd4 
21.Rd1 c5 22.bxc5 Bxc5 23.R7d8 Kf7 24.R1d3 Bb6 
25.Rf3+ Nf5 26.Rd7+ Re7 27.Rxe7+ Kxe7 28.Bg5+ Kd7 
29.Rd3+ Kc7 30.Rc3+ Kd7 31.Bxb7 Nd4 32.Rd3 Kc7 
33.Be4 a5 34.Rc3+ Kb8 35.Bd3 h5 36.h4 a4 
{(offering draw)}  37.Be3 Ba5 38.Ra3 g5 39.hxg5 
Bb6 40.Rxa4 Kc7 41.Bxd4 Kc6 42.g6 1-0

[Event "HCL-M853"]
[Site "www.playchess.de"]
[Date "2006.03.08"]
[Round "8"]
[White "PurpleKnight25"]
[Black "spieler"]
[WhiteElo "1785"]
[BlackElo "1706"]
[PlyCount "70"]
[Result "0-1"]

1.e4 c5 2.d4 cxd4 3.c3 Nf6 4.e5 Nd5 5.Nf3 d6 
6.cxd4 Nc6 7.Nc3 dxe5 8.dxe5 Ndb4 9.a3 Qxd1+ 
10.Kxd1 Na6 11.b4 Nc7 12.Nb5 Nxb5 13.Bxb5 Bd7 
14.Ke2 Nxe5 15.Bxd7+ Nxd7 16.Bb2 e6 17.Rhd1 Be7 
18.Bxg7 Rg8 19.Bh6 Rxg2 20.Rac1 Nb6 21.Rc7 Nd5 
22.Rxd5 exd5 23.Rxb7 Rg4 24.Be3 a5 25.Ne5 Re4 
26.Nc6 axb4 27.axb4 Bg5 28.Kf3 Bxe3 29.fxe3 Ra3 
30.b5 Raxe3+ 31.Kf2 Ra3 32.Rb8+ Kd7 33.Rd8+ Ke6 
34.b6 Rc4 35.Rc8 Rc2+ 0-1

[Event "HCL-M892"]
[Site "www.playchess.de"]
[Date "2006.03.08"]
[Round "5"]
[White "Johan_Matthys"]
[Black "truhart"]
[WhiteElo "1668"]
[BlackElo "1790"]
[PlyCount "42"]
[Result "1/2-1/2"]

1.d4 {Good luck}  Nf6 {You too}  2.c4 e6 3.Nc3 Bb4 
4.Qc2 O-O 5.Bg5 c5 6.a3 Bxc3+ 7.bxc3 d6 8.e4 Nc6 
9.Nf3 e5 10.d5 Na5 11.Bd3 h6 12.Bh4 b6 13.O-O Ba6 
14.Nd2 g5 15.Bg3 Nh5 16.Be2 Nf4 17.Qd1 Nxe2+ 
18.Qxe2 Qd7 19.a4 f5 20.h3 f4 21.Bh2 f3 {(offering 
draw)}  1/2-1/2

[Event "HCL-C4164"]
[Site "www.playchess.de"]
[Date "2006.03.08"]
[Round "16"]
[White "cla114"]
[Black "Varaboca"]
[WhiteElo "851"]
[BlackElo "971"]
[PlyCount "68"]
[Result "0-1"]

1.e4 e5 {Salud and good luck}  2.Nf3 {hi}  Nc6 
3.d4 d6 4.Bc4 Nf6 5.Nc3 g6 6.d5 Na5 7.b3 Nxc4 
8.bxc4 c5 9.O-O a6 10.Bg5 Be7 11.Qd3 h6 12.Bh4 O-O 
13.Rab1 g5 14.Nxg5 hxg5 15.Qg3 Nh5 16.Qf3 gxh4 
17.Qxh5 Kg7 18.h3 Rh8 19.Qf3 Rh6 20.g3 Bxh3 
21.Rfe1 Bd7 22.Kf1 Rg6 23.Ke2 Bg4 24.Reg1 Bxf3+ 
25.Kxf3 Rf6+ 26.Ke3 Kh6 27.Rgh1 Rg6 28.Rxb7 Rb8 
29.Ra7 a5 30.Rxa5 Qxa5 31.Kd3 Kg7 32.a4 hxg3 
33.fxg3 Rxg3+ 34.Kd2 Qxc3+ 0-1

[Event "HCL-A2637"]
[Site "www.playchess.de"]
[Date "2006.03.08"]
[Round "5"]
[White "Matu"]
[Black "shadow_cup"]
[WhiteElo "1574"]
[BlackElo "1413"]
[PlyCount "23"]
[Result "1-0"]

1.Nf3 e6 2.b3 Nf6 3.Bb2 Be7 4.g3 b6 5.Bg2 Bb7 
6.O-O O-O 7.e3 c5 8.d4 d5 9.Nbd2 Nbd7 10.c4 Bd6 
11.Rc1 e5 12.dxe5 1-0

[Event "HCL-A2636"]
[Site "www.playchess.de"]
[Date "2006.03.08"]
[Round "8"]
[White "Josef1901"]
[Black "nico21"]
[WhiteElo "1609"]
[BlackElo "1526"]
[PlyCount "56"]
[Result "0-1"]

1.d4 Nf6 2.c4 e6 3.Nf3 b6 4.Nc3 Bb7 5.g3 c5 6.e3 
d5 7.cxd5 Nxd5 8.Bg2 Nxc3 9.bxc3 cxd4 10.cxd4 Bd6 
11.O-O O-O 12.Bb2 Nd7 13.Rc1 Rc8 14.Qa4 a5 15.Rfd1 
Nf6 16.Ne5 Bxg2 17.Kxg2 Rxc1 18.Rxc1 Bxe5 19.dxe5 
Qa8+ 20.f3 Nd5 21.Bd4 Qb7 22.Qc6 Qa6 23.Kf2 Nb4 
24.Qc4 Qxc4 25.Rxc4 b5 26.Rc5 Nd3+ 27.Ke2 Nxc5 
28.Bxc5 Rc8 0-1

[Event "HCL-E1571"]
[Site "www.playchess.de"]
[Date "2006.03.08"]
[Round "25"]
[White "Vinci"]
[Black "chess50"]
[WhiteElo "1604"]
[BlackElo "2108"]
[PlyCount "91"]
[Result "1/2-1/2"]

1.e4 {hi again!}  e5 2.Nf3 Nf6 3.Nc3 Nc6 4.Bc4 
Nxe4 5.Bxf7+ Kxf7 6.Nxe4 d5 7.Neg5+ Kg8 8.d4 h6 
9.Nh3 Nxd4 10.Nxd4 Bxh3 11.gxh3 exd4 12.Qxd4 c5 
13.Qg4 Qe7+ 14.Kf1 Qf7 15.Rg1 Bd6 16.b4 Bxh2 
17.Rg2 Be5 18.Rb1 c4 19.Be3 a5 20.Rd1 axb4 21.Bd4 
h5 22.Qg5 Bxd4 23.Rxd4 Rxa2 24.Rxd5 Ra1+ 25.Ke2 
Ra8 26.Re5 Rh7 27.Qe3 Rf8 28.Re7 Qf5 29.Qe6+ Qxe6+ 
30.Rxe6 Ra8 31.Rb6 Ra2 32.Kd1 Ra1+ 33.Kd2 Ra3 
34.Rg3 Rxg3 35.fxg3 Rh6 36.Rxb4 Rg6 37.g4 hxg4 
38.hxg4 Rxg4 39.Rxb7 Re4 40.Rb5 Kf7 41.Rc5 Kf6 
42.Kc3 g5 43.Rxc4 Ke5 44.Rxe4+ Kxe4 45.Kd2 Kf3 
46.Ke1 {(offering draw) draw. thanks for the 
game.}  1/2-1/2

[Event "HCL-A2639"]
[Site "www.playchess.de"]
[Date "2006.03.08"]
[Round "9"]
[White "archship"]
[Black "pimpy"]
[WhiteElo "1301"]
[BlackElo "1700"]
[PlyCount "68"]
[Result "0-1"]

1.e4 c5 2.Nf3 Nc6 3.c3 d5 4.e5 Bg4 5.d4 e6 6.Be2 
Qb6 7.Nbd2 cxd4 8.Nb3 dxc3 9.bxc3 Bxf3 10.Bxf3 
Nxe5 11.Be3 Qc7 12.Rc1 Nf6 13.Bf4 Nxf3+ 14.Qxf3 
Bd6 15.Bxd6 Qxd6 16.O-O O-O 17.Nd4 Rfc8 18.Rfd1 
Rc4 19.Qg3 Qxg3 20.hxg3 Rac8 21.Rd3 a6 22.f3 b5 
23.Ne2 b4 24.g4 h6 25.Kf2 e5 26.f4 exf4 27.Nxf4 
R4xc3 28.Rcxc3 Rxc3 29.Rxc3 bxc3 30.Nd3 Nxg4+ 
31.Kf3 h5 32.a4 f6 33.Ke2 g5 34.Kd1 
Ne3+ 0-1

[Event "HCL-E1556"]
[Site "www.playchess.de"]
[Date "2006.03.08"]
[Round "14"]
[White "Emerson"]
[Black "treebeard"]
[WhiteElo "1766"]
[BlackElo "1608"]
[PlyCount "91"]
[Result "1-0"]

1.e4 {Cher ami, bienvenue à notre tournoi et bon 
succès!
Salutations!!}  e5 {Merci et bon tournoi 
également}  2.Qe2 {excuse, encore une question: où 
habites-tu en France?
J´habite à Dortmund/Allemagne.}  Nf6 {Pas de 
problème. J'habite à Marseille. Mais à mon tour! 
que fait un Gallois perdu à Dortmund ??}  3.Nf3 
{J´ai choisi le panier(?) des Wales parce que LE 
DRAGON ROUGE me plait - et le pays aussi 
(vacances)! Ma femme et moi sommes souvent en 
France (Morbihan/ Bretagne). J´éspère que mon 
francais suffit pour expliquer la situation du 
"Gallois perdu"?
à bientot}  Nc6 {Tout à fait! Moi aussi, "J'aime" 
bien les dragons, sauf dans la sicilienne !}  4.c3 
Bc5 5.b4 Bb6 6.b5 Ne7 7.Nxe5 d6 8.Nc4 c6 9.Nxb6 
Qxb6 10.a4 O-O 11.a5 Qxb5 12.Qxb5 cxb5 13.Bxb5 
Nxe4 14.Ba3 Rd8 15.O-O Nc6 16.a6 Na5 17.axb7 Bxb7 
18.f3 Nb3 19.Ra2 Nec5 20.d4 Ne6 21.Rb2 Na5 22.Bd3 
Rab8 23.Nd2 Bd5 24.Rxb8 Rxb8 25.Bxd6 Rb2 26.Rb1 
Rxb1+ 27.Bxb1 Nc4 28.Ne4 Nxd6 29.Nxd6 Nf4 30.Kf2 
Kf8 31.g3 Nh3+ 32.Ke3 g6 33.Bd3 Ng5 34.c4 Bxf3 
35.h4 Ne6 36.Kxf3 Nxd4+ 37.Ke4 Ne6 38.Kd5 a5 
39.Bc2 Ke7 40.Nb7 Nc7+ 41.Kc6 Na6 42.Ba4 Nb4+ 
43.Kb6 h6 44.Kxa5 Nd3 45.Kb5 Nf2 
46.c5 1-0

[Event "HCL-T266"]
[Site "www.playchess.de"]
[Date "2006.03.08"]
[Round "12"]
[White "daveboy6968"]
[Black "Idris"]
[WhiteElo "940"]
[BlackElo "844"]
[PlyCount "54"]
[Result "0-1"]

1.e4 e6 2.d4 d5 3.Nc3 Bb4 4.e5 c5 5.Qd3 
{hello+good luck :-)}  c4 {Hi. Best of luck 2 U 
too:)}  6.Qe3 {i thank you :-)}  Ne7 7.g4 Nbc6 
8.Nf3 Bxc3+ 9.Qxc3 Qc7 10.b3 cxb3 11.axb3 Bd7 
12.Ba3 O-O-O 13.Bxe7 Nxe7 14.Ng5 Qxc3+ 15.Ke2 
{should i even bother saying da*n,what a mistaka 
to maka :-(}  Qxa1 {lol.I was surprised. But as 
you knowa I maka lota mistaka.}  16.Nxf7 {so do i 
as you have seen ;-(}  Bb5+ 17.Kf3 Rdf8 {This is a 
good game! Well do you think England will beat the 
Scots? Or will it be Scotlands year?}  18.Bxb5 
{sadly i already saw the result,if i had one here 
i would be crying in my beer :-(}  Rxf7+ {The 
match was amazing, if rather low on the skill 
level. Scotland's defence was outstanding. England 
should have had one try, what a fumble!}  19.Ke3 
{certainly ruined englands good recent run ;-(}  
Qxh1 {Yep. the six nations is anyones, 
particulalrly if Wales beat Ireland. We should 
have four temas with two wins each! Could have a 
title won by pts difference! :-O}  20.Bd3 {at 
least that will be good for a exciting competition 
:-)}  Qxh2 {for sure. Will watch all the matches 
now. Quite fancy Ireland to cause some more havoc. 
England could up for a second beating.}  21.f3 {i 
hope your not right with that tho ;-)}  Qf4+ {I am 
so confident I'll put a fiver on it. lol}  22.Ke2 
{blimey were sunk then :-0}  Qxf3+ {That was 5p:)} 
 23.Kd2 {thats better ;-)}  Qxg4 24.Kc3 h5 25.Kd2 
Rhf8 26.Kc3 Nc6 27.Bb5 Qxd4+ {Nearly didnt spot 
that one:) Good game. All the best.} 
 0-1

[Event "HCL-E1590"]
[Site "www.playchess.de"]
[Date "2006.03.08"]
[Round "10"]
[White "chess50"]
[Black "maus"]
[WhiteElo "2020"]
[BlackElo "1421"]
[PlyCount "37"]
[Result "1-0"]

1.e4 e5 2.f4 exf4 3.Nf3 d6 4.Bc4 Bg4 5.O-O Nf6 
6.d4 g5 7.Qd3 d5 8.exd5 Nxd5 9.Bxd5 Qxd5 10.Nc3 
Qd7 11.Ne5 Qf5 12.Qb5+ c6 13.Qxb7 Bd6 14.Nxg4 Qxg4 
15.Qxa8 f3 16.Rxf3 Qxd4+ 17.Kh1 Bxh2 18.Bxg5 Qe5 
19.Re3 1-0

[Event "HCL-E1561"]
[Site "www.playchess.de"]
[Date "2006.03.08"]
[Round "26"]
[White "chess50"]
[Black "pkchess"]
[WhiteElo "2155"]
[BlackElo "1674"]
[PlyCount "45"]
[Result "1-0"]

1.e4 c5 {Hi.Have a nice game. It's -4C here and 
windy.}  2.c3 d5 3.exd5 Qxd5 4.d4 Nf6 5.Nf3 Bg4 
6.Be2 e6 7.O-O Be7 8.dxc5 Bxc5 9.Qxd5 Nxd5 10.Bb5+ 
Ke7 11.Ne5 Bf5 12.Rd1 f6 13.Nd3 Bb6 14.Na3 Nc6 
15.Nc4 Rad8 16.Nxb6 Nxb6 17.Be3 Bxd3 18.Bxd3 Nd5 
19.Bc5+ Kf7 20.Bb5 Nde7 21.h3 a6 22.Bd3 Rd7 
23.Bg6+ 1-0

[Event "HCL-E1575"]
[Site "www.playchess.de"]
[Date "2006.03.08"]
[Round "8"]
[White "erlsto"]
[Black "pawnstorm"]
[WhiteElo "1433"]
[BlackElo "1507"]
[PlyCount "101"]
[Result "1-0"]

1.c4 {hello from norway}  Nf6 {hello from lugano}  
2.Nc3 {Hi from Norway.}  c5 3.g3 Nc6 4.Bg2 g6 5.d3 
Bg7 6.e3 O-O 7.Nge2 d6 8.O-O Bf5 9.Nf4 Qd7 10.a3 
e5 11.Nfd5 Bh3 12.Ne4 Nxd5 13.cxd5 Ne7 14.Bxh3 
Qxh3 15.Nxd6 Nxd5 16.Nxb7 Nf6 17.Qf3 Rac8 18.Nd6 
Rcd8 19.Ne4 Ng4 20.Qg2 Qxg2+ 21.Kxg2 Rxd3 22.Nxc5 
Rd5 23.b4 e4 24.Ra2 Re8 25.h3 Nf6 26.Nb3 Nd7 27.a4 
Ne5 28.Nd4 Nd3 29.Nc6 a6 30.Bd2 Re6 31.Na5 Rb6 
32.Rc2 Nxb4 33.Rc8+ Bf8 34.Bxb4 Rxb4 35.Nc6 Rb7 
36.Nd4 Kg7 37.Rfc1 Bb4 38.Rb1 a5 39.h4 Rbd7 40.Nc2 
R5d1 41.Rxd1 Rxd1 42.Rb8 Rb1 43.Rb7 Rb2 44.Nd4 Bc3 
45.Rxb2 Bxb2 46.g4 Kf6 47.Kg3 Ke5 48.Nc6+ Kd5 
49.Nxa5 Be5+ 50.f4 exf3+ 51.Kxf3 1-0

[Event "HCL-B3869"]
[Site "www.playchess.de"]
[Date "2006.03.08"]
[Round "7"]
[White "robert66"]
[Black "Huanchaco"]
[WhiteElo "1405"]
[BlackElo "1224"]
[PlyCount "57"]
[Result "1-0"]

1.e4 c6 2.d4 d5 3.e5 e6 4.Nf3 h6 5.c4 Bb4+ 6.Bd2 
a5 7.cxd5 exd5 8.Be2 Bf5 9.O-O Be4 10.a3 Bxd2 
11.Nbxd2 Bxf3 12.Nxf3 g5 13.Nd2 h5 14.Bxh5 Nh6 
15.Qf3 Qe7 16.Rfe1 Qe6 17.b4 Nd7 18.Nb3 a4 19.Nc5 
Nxc5 20.bxc5 Ke7 21.Rab1 Rab8 22.Rb4 g4 23.Qf4 Kd7 
24.Reb1 b5 25.cxb6 f5 26.Rxa4 Ng8 27.Ra7+ Kc8 
28.Qg5 Nh6 29.Rc7+ 1-0

[Event "HCL-E1597"]
[Site "www.playchess.de"]
[Date "2006.03.08"]
[Round "5"]
[White "Sobral"]
[Black "Maccdavid"]
[WhiteElo "1484"]
[BlackElo "1579"]
[PlyCount "33"]
[Result "1-0"]

1.e4 e5 2.Nf3 Nc6 3.Bb5 a6 4.Ba4 Nf6 5.O-O b5 
6.Bb3 Bb7 7.d3 Bc5 8.Be3 Bxe3 9.fxe3 Na5 10.Nbd2 
Nxb3 11.Nxb3 O-O 12.Nxe5 Qe7 13.Ng4 Nxg4 14.Qxg4 
d5 15.Nd4 dxe4 16.Nf5 Qe6 17.Qxg7+ 1-0

[Event "HCL-C4016"]
[Site "www.playchess.de"]
[Date "2006.03.08"]
[Round "22"]
[White "Idris"]
[Black "Viking"]
[WhiteElo "880"]
[BlackElo "980"]
[PlyCount "102"]
[Result "0-1"]

1.e4 {Hello}  c5 2.c4 d6 {Greetings}  3.d3 e6 
4.Nf3 Nf6 5.Be2 Be7 6.Be3 Nc6 7.Nc3 d5 8.cxd5 exd5 
9.exd5 Nxd5 10.Nxd5 Qxd5 11.O-O O-O 12.Re1 Bf6 
13.Qc1 b6 14.Bg5 Be7 15.Bxe7 Nxe7 16.Qg5 Nf5 
17.Nh4 f6 18.Bf3 Qxf3 19.Nxf3 fxg5 20.Nxg5 h6 
21.Ne6 Bxe6 22.Rxe6 Rad8 23.Rae1 Nd6 24.R1e3 Rf6 
25.R6e5 Rdf8 26.g3 R6xf2 27.R3e1 Rxb2 28.R5e6 Rf6 
29.Rxf6 gxf6 30.Re6 Nf7 31.Rxf6 Rxa2 32.Rg6+ Kf8 
33.h4 b5 34.g4 Ra4 35.h5 c4 36.d4 Ra1+ 37.Kg2 Rd1 
38.Kf3 Rxd4 39.Ke3 Rd3+ 40.Kf4 c3 41.Rc6 b4 42.Rf6 
c2 43.Kf5 Rf3+ 44.Kg6 c1Q 45.Rxf3 Qc6+ 46.Rf6 Qe4+ 
47.Rf5 Ke7 48.g5 Nxg5 49.Kxh6 Qxf5 50.Kg7 Qf6+ 
51.Kg8 Qf8+ 0-1

[Event "HCL-C4204"]
[Site "www.playchess.de"]
[Date "2006.03.08"]
[Round "9"]
[White "nichju"]
[Black "Azimut"]
[WhiteElo "944"]
[BlackElo "1515"]
[PlyCount "90"]
[Result "0-1"]

1.e4 {hello again!}  b6 {Hey ! It's go again ! 
;-)}  2.d4 Bb7 3.Nc3 d6 4.d5 Nd7 5.Bb5 g6 6.Nf3 
Bg7 7.Bd2 e6 8.dxe6 fxe6 9.Bg5 Ne7 10.O-O h6 
11.Bxe7 Qxe7 12.Qd3 a6 13.Bc4 Nc5 14.Qd2 Nxe4 
15.Nxe4 Bxe4 16.Qe2 d5 17.Bd3 Bxd3 18.Qxd3 Bxb2 
19.Qxg6+ Qf7 20.Ne5 Bxe5 21.Qg4 Bxa1 22.Rxa1 Rg8 
23.Qa4+ b5 24.Qd4 Qg6 25.g3 Qxc2 26.Re1 Kd7 27.Qf6 
Qf5 28.Qd4 Raf8 29.f4 Qxf4 30.Qxf4 Rxf4 31.Kh1 Rf2 
32.Kg1 Rxa2 33.Rf1 Kd6 34.Re1 Rf8 35.g4 Rff2 36.h4 
Rfg2+ 37.Kh1 Rxg4 38.h5 Rh4+ 39.Kg1 b4 40.Rb1 c5 
41.Rf1 b3 42.Rb1 b2 43.Rd1 Ra1 44.Rxa1 bxa1Q+ 
45.Kg2 Qe5 0-1

[Event "HCL-M865"]
[Site "www.playchess.de"]
[Date "2006.03.08"]
[Round "8"]
[White "Sith"]
[Black "Losloper"]
[WhiteElo "2230"]
[BlackElo "2380"]
[PlyCount "64"]
[Result "0-1"]

1.d4 Nf6 2.c4 e6 3.Nc3 Bb4 4.Qc2 O-O 5.Bg5 c5 6.e3 
h6 7.Bh4 cxd4 8.exd4 Nc6 9.Nf3 Be7 10.a3 d5 11.c5 
g5 12.Bg3 g4 13.Ne5 Nxd4 14.Qd2 Nf5 15.Bd3 d4 
16.Nb5 Nd7 17.Qe2 {(offering draw)}  Nxc5 18.Qxg4+ 
Bg5 19.O-O a6 20.h4 Nxd3 21.Nxd3 axb5 22.Rfc1 Bd7 
23.Bc7 Qe7 24.hxg5 Qxg5 25.Qh3 f6 26.Bf4 Qh4 
27.Qxh4 Nxh4 28.Bxh6 Rf7 29.Nc5 Kh7 30.Bf4 e5 
31.Bg3 Nf5 32.Nxb7 Rg8 0-1

[Event "HCL-C4080"]
[Site "www.playchess.de"]
[Date "2006.03.08"]
[Round "7"]
[White "Thrustnicely"]
[Black "german273"]
[WhiteElo "933"]
[BlackElo "800"]
[PlyCount "91"]
[Result "1-0"]

1.e4 e6 2.d4 Nc6 3.c3 Nf6 4.f3 Nh5 5.g4 Nf6 6.e5 
Nd5 7.Bg2 Qh4+ 8.Kf1 g6 9.Bd2 Bh6 10.f4 Bxf4 
11.Bxd5 Bxd2 12.Bxc6 bxc6 13.Nxd2 Ba6+ 14.c4 Rb8 
15.b3 h5 16.Ndf3 Qxg4 17.h4 c5 18.dxc5 Bb7 19.Kf2 
Rd8 20.Rh2 Be4 21.Qd4 c6 22.Re1 Bc2 23.Qxg4 hxg4 
24.Nd4 Bd3 25.Kg3 Rh5 26.Kxg4 a5 27.Ndf3 Bf5+ 
28.Kg3 Ra8 29.a4 Rb8 30.Rb2 Rb4 31.Nd4 Bd3 32.Re3 
Bf1 33.Rf2 Rf5 34.Nxf5 gxf5 35.Rxf1 Ke7 36.h5 Rb8 
37.Kh4 Rh8 38.Rg3 Kf8 39.Nf3 Ke7 40.Rfg1 Kf8 
41.R3g8+ Rxg8 42.Rxg8+ Kxg8 43.h6 Kh8 44.Kh5 Kh7 
45.Ng5+ Kh8 46.Nxf7+ 1-0

[Event "HCL-M885"]
[Site "www.playchess.de"]
[Date "2006.03.08"]
[Round "4"]
[White "cinephos"]
[Black "Eishockeytorwart"]
[WhiteElo "2072"]
[BlackElo "1942"]
[PlyCount "56"]
[Result "0-1"]

1.e4 {Hello, I wish a nice game}  e5 {hello  
welcome from germany}  2.Nf3 Nc6 3.Bb5 a6 4.Ba4 
Nf6 5.O-O Be7 6.Re1 b5 7.Bb3 d6 8.c3 Bg4 9.h3 Bh5 
10.d3 O-O 11.Nbd2 Na5 12.Bc2 Nc6 13.Nf1 d5 14.Ng3 
Bg6 15.exd5 Qxd5 16.Nh4 Rad8 17.Nxg6 hxg6 18.Be3 
Na5 19.a3 c5 20.b4 Nb7 21.Qe2 cxb4 22.axb4 Qc6 
23.Qd2 Nd5 24.Ne4 Nxc3 25.Nxc3 {Wow! This move was 
a strike. I did not realize that c3 was so weak.}  
Bxb4 26.Nd5 Rxd5 27.Qxb4 Qxc2 28.Rxa6 
Qxd3 0-1

[Event "HCL-C4098"]
[Site "www.playchess.de"]
[Date "2006.03.08"]
[Round "28"]
[White "Thrustnicely"]
[Black "spartan1"]
[WhiteElo "970"]
[BlackElo "908"]
[PlyCount "119"]
[Result "1-0"]

1.e4 e5 {Hello again. I hope I can keep those 
pawns from going to Moscow.}  2.h4 {Hi, I enjoyed 
our last match - i'll try to keep the little 
fellas under control !}  h6 {Under control is more 
than likely what you will do. To my 
consternation.}  3.g4 {:-)}  d5 4.Qf3 d4 5.Bc4 Be6 
6.Bxe6 fxe6 7.d3 c5 8.g5 h5 9.g6 Qf6 10.Qxf6 Nxf6 
11.Nf3 Nbd7 12.Ng5 Rh6 13.Nxe6 Rxg6 {Nice move.}  
14.Nc7+ {Thanks - i got lucky with the bishop  
:-)}  Kf7 15.Nxa8 Bd6 16.c3 b5 17.Na3 a6 18.c4 b4 
19.Nc2 Rg2 20.a4 bxa3 21.Rxa3 Ng4 22.Rxa6 Ke6 
23.Nc7+ Ke7 24.Nd5+ Ke6 25.b4 Rxf2 26.bxc5 Nxc5 
{Since I have been worrying about those pesky 
pawns I seem to have forgotten how well you play 
your knights.}  27.Ncb4 Nxa6 28.Nxa6 Ra2 29.Nac7+ 
Bxc7 30.Nxc7+ Kd7 31.Nd5 Ra1 32.Ke2 Rb1 33.Rf1 Kd6 
34.Kd2 Rb3 35.Kc2 Rb7 36.Ba3+ Ke6 37.Bb4 Ra7 
38.Kb3 Rb7 39.c5 Ne3 40.Nxe3 dxe3 41.Re1 g6 
42.Rxe3 Kd7 43.Rg3 Kc6 44.Rxg6+ Kd7 45.Rg7+ Kc8 
46.Rxb7 Kxb7 47.Kc4 Kc6 48.d4 exd4 49.Kxd4 Kc7 
50.Kd5 Kb7 51.Kd6 Kc8 52.e5 Kd8 53.c6 Kc8 54.e6 
Kd8 55.e7+ Ke8 56.c7 {i'm hoping Two Queens will 
be enough !!}  Kf7 {Seems like OVERKILL to me.}  
57.c8Q {it's the famliy motto. Kill everything - 
then talk terms !!}  Kf6 {After killing everything 
there is nothing left to negoiate.}  58.e8Q 
{That's the beauty of the family motto :-))))}  
Kg7 {Then you must certainly be an honored member 
of the family.}  59.Qxh5 {Yes indeed , but now we 
must part until next time - when perhaps you can 
gain sweet revenge on poor old thrust ...... 
Thanks for a fun match}  Kf6 {I thought you would 
keep me around while you advanced your other 
pawn.}  60.Qch8+ {Two's enough for anyone} 
 1-0

[Event "HCL-E1565"]
[Site "www.playchess.de"]
[Date "2006.03.08"]
[Round "8"]
[White "Reinbo"]
[Black "baggur"]
[WhiteElo "1808"]
[BlackElo "1614"]
[PlyCount "83"]
[Result "1-0"]

1.e4 c5 2.Nf3 Nc6 3.d4 cxd4 4.Nxd4 {Have a nice 
game, Baggur.}  Nf6 5.Nc3 e5 {Thanks, and same to 
you}  6.Ndb5 d6 7.Bg5 a6 8.Bxf6 gxf6 9.Na3 f5 
10.Bd3 f4 11.Nd5 b5 12.c3 Bg7 13.Nc2 O-O 14.g3 f5 
15.gxf4 Be6 16.fxe5 Nxe5 17.Nd4 Nxd3+ 18.Qxd3 Bxd5 
19.exd5 Re8+ 20.Ne6 Qf6 21.O-O-O Bh6+ 22.Kb1 Rec8 
23.Qg3+ Kh8 24.Qxd6 b4 25.Qxb4 Rab8 26.Qd4 Qxd4 
27.cxd4 Rb5 28.Nc5 Rd8 29.Rhe1 Rxd5 30.Nxa6 Rd8 
31.Nc7 Rb4 32.Re8+ Rxe8 33.Nxe8 Bf4 34.h3 Rb6 
35.Re1 Kg8 36.Rg1+ Kf7 37.Ng7 Rg6 38.Rxg6 hxg6 
39.Nxf5 gxf5 40.Kc2 Ke6 41.a4 Kd5 
42.Kd3 1-0

[Event "HCL-B3862"]
[Site "www.playchess.de"]
[Date "2006.03.08"]
[Round "16"]
[White "garden"]
[Black "ama49"]
[WhiteElo "1164"]
[BlackElo "1162"]
[PlyCount "84"]
[Result "0-1"]

1.e4 e5 2.Nf3 Nc6 3.Bb5 Nd4 4.Nxd4 exd4 5.c3 dxc3 
6.dxc3 c6 7.Bd3 d5 8.exd5 Qxd5 9.Qf3 Nf6 10.O-O 
Qxf3 11.gxf3 Be7 12.Re1 Be6 13.Bg5 O-O 14.Bxf6 
Bxf6 15.Na3 Rad8 16.Be4 Rfe8 17.Nc2 Bd5 18.Rad1 
Bxe4 19.fxe4 Rxd1 20.Rxd1 Rd8 21.Rxd8+ Bxd8 22.Ne3 
Bc7 23.Nf5 Be5 24.Nd6 b6 25.Nf5 g6 26.Nh6+ Kg7 
27.Ng4 Bd6 28.f3 f5 29.e5 Be7 30.f4 {(offering 
draw)}  fxg4 31.Kg2 h5 32.h4 Bxh4 33.b4 Kf7 34.a4 
Ke6 35.Kf1 Kf5 36.Ke2 Kxf4 37.e6 Ke5 38.Ke3 Kxe6 
39.Ke4 Bg5 40.c4 g3 41.b5 cxb5 42.axb5 
g2 0-1

[Event "HCL-C4213"]
[Site "www.playchess.de"]
[Date "2006.03.08"]
[Round "17"]
[White "nichju"]
[Black "Skipper_Robert"]
[WhiteElo "982"]
[BlackElo "891"]
[PlyCount "53"]
[Result "1-0"]

1.e4 {Hallo, auf ein Neues}  e5 {Viel Spaß!}  
2.Nf3 d6 3.d4 f6 4.dxe5 fxe5 5.Ng5 Ne7 6.Qf3 Kd7 
{Diesmal gleich zu Beginn verhaspelt :-)}  7.Nf7 
{Noch ist nichts verloren}  Qe8 8.Nxh8 Nec6 9.g3 
Be7 10.Bh3+ Kd8 11.Nf7+ Qxf7 12.Qxf7 Bxh3 {Das 
wird ja eine richtige Klatsche}  13.Qxg7 Bg2 
14.Rg1 Bxe4 15.Bg5 Bxg5 16.Qxg5+ Ne7 17.Nc3 Bxc2 
18.Nd5 Nbc6 19.Rc1 Be4 20.Nxe7 Nxe7 21.Rc4 Bd5 
22.Rh4 Bxa2 23.Rxh7 Kd7 24.Qxe7+ Kc6 25.Qxc7+ Kd5 
26.Qxb7+ Kc5 {machs gut, bis zum nächsten mal}  
27.Qxa8 1-0